000 00448nam a2200181Ia 4500
001 3612
005 20260306145656.0
008 260306t2009||||xx |||||||||||||| ||spa||
041 _aESP
082 _a300
_bT75
100 _aTorres Rivera, Lina M.
_eAUT
245 0 _aCiencias sociales:
_bsociedad y cultura contemporánea
260 _c2009
300 _a661 páginas :
_c27 cm.
650 _aGEN
654 _aCHU
942 _cLIB
_dJUS
_fJUS
_2ddc
_n
999 _c3612
_d3612